Nommez les parties du corps humain - Statistiques

Statistiques générales
  • Ce quiz a été pris 668 fois
  • Le résultat moyen est 14 sur 15
Statistiques - réponses
Par images Réponse % Correct
Bras
99%
Cou
99%
Épaule
98%
Jambe
97%
Main
97%
Ventre
97%
Doigt
96%
Dos
96%
Pied
96%
Tête
96%
Genou
95%
Orteil
92%
Poignet
92%
Cheville
87%
Poitrine
48%
Aucun quiz correspondant
Distribution des résultats
% des personnes avec chaque résultat
Percentile par nombre de réponses
Votre historique - résultats
Vous n’avez pas pris ce quiz